000 00461ntaaa2200181 4500
003 01
005 20251027201254.0
008 0714s1973 ag 01
040 _aAR-BaBN
_bspa
_cAR-BaBN
_eaacr
_dRIC
082 _a221.0000 B73
100 _aBrandeis, Don
_910896
245 _aGospel in the Old Testament
250 _a1 ed. :
_bBaker Book House,
_cc/960
300 _a188 p.
650 _aBiblia-Antiguo Testamento
650 _aAntiguo Testamento
942 _cBK
999 _c7109
_d7109